000 01086nam a22003377a 4500
001 BR2012005503
003 BR-BrBNA
005 20230928104040.0
007 ta
008 230509b bl.||||| |||| 00| 0 por d
040 _aBR-BrBNA
_bpor
_cBiblioteca Nacional de Agricultura
041 _a(Por)
072 _aL72
_b8115
_b4050
090 _ 8115 BR2012005503
100 1 _aNogueira, L. de A.
110 1 _aUniversidade Federal de Lavras, MG (Brasil)
_0Tese (Mestrado)
245 1 _aFauna parasitária de Pimelodus maculatus Lacépède, 1803 (Siluriformes, Pimelodidae)capturados à montante e à jusante da Usina Hidrelétrica do Funil, Rio Grande, MG
260 3 _aLavras, MG (Brasil):
_c2011.
300 _a79 p.
500 _aSummaries (Eng, Por); Bibliography p. 62-79; 11 tables
650 _aPIMELODUS MACULATUS
650 _aBAGRE PINTADO
650 _aCAPTURA
650 _aFAUNA PARASITÁRIA
650 _aNEMATOÍDE
650 _aBIOLOGIA
650 _aHIDRELÉTRICA
650 _aMINAS GERAIS
909 _a202309
_bLucia
_c55
_dLucia Elande
942 _cBK
999 _c77863
_d77863